000 00621nam a2200205Ii 4500
003 JO-AjNU
008 230605s9999||||xx |||||||||||||| ||und||
040 _aJO-AjNU
_bara
_erda
_cJO-AjNU
041 _aara
050 1 4 _aDP102.A2296 1987
100 3 _aطه، عبد الواحد دنون,
_eauthor
_938044
245 0 0 _aدراسات في التاريخ االاندلسي
250 _aط1
264 3 1 _aالموصل: (د.ن)، 1987
300 _a239ص
336 _atext
_btxt
_2rdacontent
337 _aunmediated
_bn
_2rdamedia
338 _avolume
_bnc
_2rdacarrier
650 4 _aالاندلس-تاريخ
_938045
999 _aA15951
_c19519
_d19519